Datum a čas kvízu
34.5
Celkem bodů
Celkový počet nahraných bodů na tomto kvízu bez doplňovacích otázek.
1.
Pořadí na kvízu
Konečné umístění týmu na tomto kvízu.
Zaznamenané odpovědi
| # | Otázka | Odpověď | Body | Výsledky |
|---|---|---|---|---|
| 1. | Tým CNN Prima News bude posíle... | Markéta Fialová | 1 | |
| 2. | Česká komisařka Věra Jourová s... | hodnoty a transparentnost | 0 | |
| 3. | Kanadská spisovatelka Margaret... | Příběh služebnice | 1 | |
| 4. | Řetězec KFC připravuje vlastní... | Colonel Sanders | 1 | |
| 5. | Ve čtvrtek začal nový ročník č... | Sparta Praha, Škoda Plzeň | 1 | |
| 6. | Když už jsme tu měli minulý tý... | serotonin | 0 | |
| 7. | Erós je řeckým bohem lásky. Ja... | Arés, Afrodita | 0.5 | |
| 8. | Příponu -filie mají různá slov... | Viktorie | 1 | |
| 9. | Láska je samozřejmě nevyčerpat... | 1C 2D 3B 4A | 1 | |
| 10. | Jak se jmenuje tato filmová po... | William Shakespeare | 1 |